000 01952nam a2200349 a 4500
001 000045178
003 DO-SdBNP
005 20250227073850.0
008 150206s2014 dr abc 000 0 spa d
020 _a9789945582079
040 _aDO-SdBNP
_bspa
_cBNPHU
082 _a737.4
_bE96t
245 0 4 _aExposiciones temporales en el Museo Numismático y Filatélico :
_b2011-2014 /
_cpresentación Héctor Valdez Albizu ; edición José Alcántara Almanzar, Elvis Soto y Cynthia Patricia Goico de Pichardo.
260 _aSanto Domingo :
_bBanco Central de la República Dominicana,
_c2014.
300 _a215 p. :
_bil., mapas, retrs. ;
_c23 cm.
490 1 _aBanco Central de la República Dominicana
_v201
490 1 _aNumismática y filatélica
_v14
504 _aBibliografía : p. 204
505 0 _aPresentación --
_tHéroes de la independencia de las américas en billetes y monedas --
_tBilletes y monedas del siglo XIX e inicios de la reforma monetaria --
_tLa medallística en la República Dominicana --
_tBicentenario del natalicio de Juan Pablo Duarte [1813-2013] --
_tHéroes de la restauración de la República Dominicana --
_tHomenaje a Mella --
_tColección del Banco Central de la República Dominicana.
590 _aInventariado, 2018/LP
610 2 0 _aMuseo Numismático y Filatélico del Banco Central (Banco Central de la República Dominicana)
_956846
650 4 _aNumismática
_xExposiciones
_zRepública Dominicana
_973186
650 4 _aSellos (numismática)
_zRepública Dominicana
_xExposiciones
_973187
700 1 2 _aSoto, Elvis,
_eed.
_912338
700 1 2 _aGoico de Pichardo, Cynthia Patricia,
_eed.
_973188
700 1 2 _aValdez Albizu, Héctor,
_d1947-
_epról.
_912322
700 1 2 _aAlcántara Almánzar, José
_d1946-
_eed.
_97018
830 0 _aBanco Central de la República Dominicana ;
_n201
_973189
830 0 _aNumismática y filatélica ;
_n14
_973190
910 _aValidado. Control de calidad MFF
942 _2ddc
_cLBS1
999 _c44667
_d44667